[Event "San Francisco TNM Summer op"]
[White "Brown, Charles"]
[Black "Hack, Richard"]
[Site "San Francisco"]
[Round "8"]
[Result "0-1"]
[Date "2012.07.10"]
[WhiteElo "1219"]
[BlackElo "1666"]
[PlyCount "88"]
[EventDate "2012.05.22"]
[EventType "swiss"]
[EventRounds "8"]
[EventCountry "USA"]
[SourceTitle "EXT 2014"]
[Source "ChessBase"]
[SourceDate "2013.11.20"]
[SourceVersion "1"]
[SourceVersionDate "2013.11.20"]
[SourceQuality "1"]

1. d4 f5 2. c4 Nf6 3. Nf3 g6 4. Nc3 Bg7 5. Bf4 d6 6. Qd2 0-0 7. Bh6 Qe8 8. Bxg7 Kxg7 9. e3 Na6 10. a3 c5 11. d5 Bd7 12. Bd3 h6 13. 0-0 e5 14. dxe6 Qxe6 15. Rfe1 Bc6 16. e4 fxe4 17. Re2 Qf5 18. Bc2 Rad8 19. Rae1 Rfe8 20. h3 Nc7 21. Nh4 Qg5 22. Qxg5 hxg5 23. Nxg6 Kxg6 24. f3 Kf7 25. Nxe4 Nxe4 26. Bxe4 Bxe4 27. Rxe4 Rxe4 28. Rxe4 Re8 29. Rg4 Ne6 30. h4 gxh4 31. Rxh4 Rg8 32. Rh7+ Rg7 33. Rh4 Nd4 34. Kh2 Nf5 35. Rf4 Rh7+ 36. Kg1 Ke6 37. Re4+ Kd7 38. Kf2 Re7 39. Rf4 Nd4 40. g4 Re2+ 41. Kg3 Rxb2 42. Rf7+ Ke6 43. Rg7 Rb3 44. a4 Nxf3 0-1

[Event "San Francisco TNM Summer op"]
[White "Frank, Robert"]
[Black "Brown, Charles"]
[Site "San Francisco"]
[Round "4"]
[Result "0-1"]
[Date "2012.06.12"]
[WhiteElo "1361"]
[BlackElo "1219"]
[PlyCount "36"]
[EventDate "2012.05.22"]
[EventType "swiss"]
[EventRounds "8"]
[EventCountry "USA"]
[SourceTitle "EXT 2014"]
[Source "ChessBase"]
[SourceDate "2013.11.20"]
[SourceVersion "1"]
[SourceVersionDate "2013.11.20"]
[SourceQuality "1"]

1. d4 d5 2. Nf3 Nf6 3. e3 c5 4. c3 e6 5. Bd3 Nbd7 6. Nbd2 Be7 7. e4 dxe4 8. Nxe4 cxd4 9. Nxd4 0-0 10. 0-0 a6 11. Bf4 e5 12. Nxf6+ Bxf6 13. Bxh7+ Kxh7 14. Qh5+ Kg8 15. Rad1 exf4 16. Rd3 Ne5 17. Rfd1 Nxd3 18. Rxd3 g6 0-1

[Event "San Francisco Powell Memorial G/45"]
[White "Zheng, Daniel"]
[Black "Brown, Charles"]
[Site "San Francisco"]
[Round "4"]
[Result "1-0"]
[Date "2006.05.06"]
[WhiteElo "1285"]
[BlackElo "631"]
[PlyCount "51"]
[EventDate "2006.05.06"]
[EventType "swiss (rapid)"]
[EventRounds "5"]
[EventCountry "USA"]
[SourceTitle "EXT 2007"]
[Source "ChessBase"]
[SourceDate "2006.11.23"]
[SourceVersion "1"]
[SourceVersionDate "2006.11.23"]
[SourceQuality "1"]

1. e4 c5 2. Nf3 d6 3. d4 cxd4 4. Nxd4 Nc6 5. Nc3 Nf6 6. Be3 e6 7. Bc4 b6 8. f3 Bb7 9. Qd2 Qd7 10. Bb5 Be7 11. 0-0-0 0-0 12. g4 Qc7 13. h4 a6 14. Bxc6 Bxc6 15. Nxc6 Qxc6 16. h5 Rfc8 17. g5 Nd7 18. Rdg1 Ne5 19. Qf2 a5 20. f4 Nc4 21. g6 fxg6 22. hxg6 h6 23. Bd4 e5 24. fxe5 dxe5 25. Qf7+ Kh8 26. Rxh6+ 1-0